| 000 | 003880000a22001210004500 | ||
|---|---|---|---|
| 090 |
_aAR _b04270 |
||
| 245 | 1 | 0 | _aSome new species and records of north american Scarabaeidae (Coleoptera) |
| 041 | 0 | _aInglés | |
| 500 | _a<Literatura de escarabajos coprófagos> | ||
| 100 | 1 |
_aHowden, Henry F _998069 |
|
| 942 | _cARTICULO | ||
| 773 | 1 |
_tEntomological Society of Washington _h6 _q257-264 _d1955 _g57 |
|
| 999 |
_c13367 _d13367 |
||